00458nam a2200181 a 4500001001300000003000900013005001700022008004100039020001000080082001600090100001900106245004200125260004200167300000900209500003500218505001000253650001300263nice12345678IN_TiNIC20260116012508.0050524s1985 newa grp 000 0 eng  ac15000a954.91bZIA aZiaullah, Syed aPakistanb an End Without a Beginning aNew DelhibLancer Internationalc1985 a256p aincludes index and biblioraphy2 aIndex aPakistan